| 000 | 00856nam a2200253Ia 4500 | ||
|---|---|---|---|
| 999 |
_c50390 _d50390 |
||
| 001 | 17333 | ||
| 003 | GE_BSU | ||
| 005 | 20210125142355.0 | ||
| 008 | 181216s2008||||dk |||||||||||||| ||ger|| | ||
| 020 | _a9783468474828 | ||
| 040 | _cGE_BSU | ||
| 080 | _a811.112 | ||
| 100 |
_aKoithan, Ute. _910081 |
||
| 245 |
_aAspekte. Mittelstufe Deutsch .:Arbeitsbuch 2. Niveau B2 : _bArbeitsbuch / _cUte Koithan, Schmitz, Helen., Sieben, Tanja., Sonntag, Ralf. |
||
| 264 |
_aBerlin, _c2008. |
||
| 300 |
_a184 p. _b+CD ROM |
||
| 653 | _aArbeitsbuch | ||
| 653 | _aAspekte. Mittelstufe Deutsch .:Arbeitsbuch 2. Niveau B2 | ||
| 653 | _aგერმანული ენა | ||
| 700 |
_aSchmitz, Helen. _eავტორი _910081 |
||
| 700 |
_aSieben, Tanja _eავტორი _910081 |
||
| 700 |
_aSonntag, Ralf _eავტორი _910081 |
||
| 942 |
_cBK _2udc |
||